000 00393nam a22001457a 4500
082 _a620.112
_bSEE
_cL-21, P-22
100 _aSeely, Fred B
_939837
245 _aResistance of materials
_cFred B. Seely
250 _a3rd
260 _aNew York
_bJohn Wiley & Sons, Inc
_c1955
300 _axiv, 486 p. :
526 _a0
_b0
_c0
_d620_112000000000000_SEE
650 _aMCE
_9379
942 _2ddc
_cBK
999 _c545069
_d545069